| 000 | 00357nam a2200133Ia 4500 | ||
|---|---|---|---|
| 008 | 210210b1975 xxu||||| |||| 00| 0 eng d | ||
| 082 | _aS491.86 SASI | ||
| 100 | _aSASTRI (Vidyasagar K L V). | ||
| 245 | _aInfant reader: samskrita baladarsa. | ||
| 260 |
_aPalghat. _bR S Vadhyar & Sons., _c1975 |
||
| 300 | _a98 | ||
| 690 | _aSanskrit Usage | ||
| 906 | _a033735 | ||
| 999 |
_c84361 _d84361 |
||